000 00233nam a2200097Ia 4500
008 230508s1994 xx 000 0 und d
041 _aeng
100 _aPARKER SMITH.
245 _aPROBLEMS IN ELECTRICAL ENGINEERING.
260 _c1994
999 _c326127
_d326127